000 00653nam a2200241Ia 4500
001 2017
003 GE_BSU
008 181216s||||||||xx |||||||||||||| ||und||
020 _a5238010966
040 _cGE_BSU
080 _a347.73(470)(075.8):336.2(470)(075.8)
100 _aКрохина,Ю.А.
245 _aНалоговое право
245 _bУчебник. для студ.вузов.
250 _a2-е изд. доп. и перераб
260 _aМосква
260 _bЮнити-Дана
260 _c2006
300 _a383стр.21см.
541 _h15л.
653 _aНалоговое право
942 _cBK
999 _c36117
_d36117